| 000 | 00381nam a2200169Ia 4500 | ||
|---|---|---|---|
| 001 | 8037 | ||
| 003 | GE_BSU | ||
| 008 | 181216s||||||||xx |||||||||||||| ||und|| | ||
| 040 | _cGE_BSU | ||
| 245 | 4 | _aThe Economist.Septembert 28TH-October4THth 2013. | |
| 245 | _bNumber 8855 | ||
| 260 | _aLondon. | ||
| 260 | _c2013 | ||
| 300 | _a90pg;27cm. | ||
| 653 | _aThe Economist | ||
| 942 | _cCR | ||
| 999 |
_c41376 _d41376 |
||